Silica and silane coupling agent for in situ reinforcement of acrylonitrile-butadiene rubber (Record no. 68694)

MARC details
000 -LEADER
fixed length control field 00617nam a2200217Ia 4500
100 ## - MAIN ENTRY--AUTHOR NAME
Personal name Murakami K
245 #0 - TITLE STATEMENT
Title Silica and silane coupling agent for in situ reinforcement of acrylonitrile-butadiene rubber
260 ## - PUBLICATION, DISTRIBUTION, ETC. (IMPRINT)
Name of publisher Rubber Chemistry and Technology
Year of publication 1999
300 ## - PHYSICAL DESCRIPTION
Number of Pages 119-129
650 ## - SUBJECT ADDED ENTRY--TOPICAL TERM
Topical Term Acrylonitrile-butadiene rubber
650 ## - SUBJECT ADDED ENTRY--TOPICAL TERM
Topical Term In situ reinforcement
650 ## - SUBJECT ADDED ENTRY--TOPICAL TERM
Topical Term Silane coupling agent
700 ## - ADDED ENTRY--PERSONAL NAME
Personal name Iio S
700 ## - ADDED ENTRY--PERSONAL NAME
Personal name Ikeda Y
700 ## - ADDED ENTRY--PERSONAL NAME
Personal name Kohjiya S
700 ## - ADDED ENTRY--PERSONAL NAME
Personal name Osanai S
700 ## - ADDED ENTRY--PERSONAL NAME
Personal name Shigekuni M
700 ## - ADDED ENTRY--PERSONAL NAME
Personal name Tanahashi H
942 ## - ADDED ENTRY ELEMENTS (KOHA)
Koha item type Journals
Holdings
Withdrawn status Lost status Damaged status Not for loan Home library Current library Shelving location Date acquired Serial Enumeration / chronology Koha item type
      Journals RRII Library RRII Library Rubber chemistry 17/12/2021 Volume 72, Issue 1 Journals